|
|
|
|
| LEADER |
01912nam a2200541 a 4500 |
| 001 |
nkc20142572014 |
| 003 |
CZ PrNK |
| 005 |
20180530235008.0 |
| 007 |
ta |
| 008 |
140306s2014 xr f 000 0 cze |
| 015 |
|
|
|a cnb002572014
|
| 020 |
|
|
|a 978-80-7298-452-7
|q (brož.)
|
| 035 |
|
|
|a (OCoLC)880868767
|
| 040 |
|
|
|a ABA001
|b cze
|
| 041 |
1 |
|
|a cze
|h fre
|
| 072 |
|
7 |
|a 122/129
|x Speciální metafyzika
|2 Konspekt
|9 5
|
| 080 |
|
|
|a 39
|2 MRF
|
| 080 |
|
|
|a 101
|2 MRF
|
| 080 |
|
|
|a 128
|2 MRF
|
| 080 |
|
|
|a 159.923-021.411
|2 MRF
|
| 080 |
|
|
|a 123.1
|2 MRF
|
| 080 |
|
|
|a (049)
|2 MRF
|
| 100 |
1 |
|
|a Ravaisson, Félix,
|d 1813-1900
|7 jn20030724006
|4 aut
|
| 245 |
1 |
0 |
|a O zvyku /
|c Félix Ravaisson ; přeložili Martin Haloun ... [et al.]
|
| 250 |
|
|
|a 1. vyd.
|
| 260 |
|
|
|a Praha :
|b OIKOYMENH,
|c 2014
|
| 300 |
|
|
|a 71 s. ;
|c 15 cm
|
| 490 |
1 |
|
|a Oikúmené. Malá řada ;
|v sv. 16
|
| 500 |
|
|
|a Přeloženo z francouzštiny
|
| 504 |
|
|
|a Obsahuje bibliografii a bibliografické odkazy
|
| 650 |
0 |
7 |
|a zvyky a obyčeje
|7 ph137519
|x filozofické pojetí
|2 czenas
|
| 650 |
0 |
7 |
|a život
|7 ph128022
|2 czenas
|
| 650 |
0 |
7 |
|a lidská přirozenost
|7 ph124918
|x filozofické aspekty
|2 czenas
|
| 650 |
0 |
7 |
|a svoboda
|7 ph116345
|2 czenas
|
| 650 |
0 |
9 |
|a manners and customs
|x philosophical approach
|2 eczenas
|
| 650 |
0 |
9 |
|a life
|2 eczenas
|
| 650 |
0 |
9 |
|a human naturalness
|x philosophical aspects
|2 eczenas
|
| 650 |
0 |
9 |
|a liberty
|2 eczenas
|
| 655 |
|
7 |
|a pojednání
|7 fd133056
|2 czenas
|
| 655 |
|
9 |
|a essays
|2 eczenas
|
| 765 |
0 |
|
|t De l'habitude
|9 Česky
|
| 830 |
|
0 |
|a Oikúmené (OIKOYMENH).
|p Malá řada
|0 s
|
| 856 |
4 |
1 |
|u http://www.digitalniknihovna.cz/mzk/uuid/uuid:a1f4ad30-d9be-11e7-8d21-005056827e52
|y Digitalizovaný dokument
|x NDK
|
| 910 |
2 |
|
|a BOA001
|b S-1327.899
|
| 990 |
|
|
|a BK
|
| 995 |
|
|
|a 01
|
| 991 |
|
|
|b 201405
|c NOV
|e n
|
| 996 |
6 |
|
|b 2610592857
|c S-1327.899
|l MZK
|r Sklad / do 24 hodin
|n 1
|p p.v.
|w 001426009
|u 000010
|a 1
|e BOA001
|j MZK50
|s P
|